000 00331nam a22001457a 4500
008 210303b ||||| |||| 00| 0 eng d
020 _a2901133943975
041 _aeng
080 _23rd
_a336
082 _a336
100 _a56
101 _aFIN
245 _aCornerstones of Financial Accounting
_cRich, J. S
942 _2udc
_cBK
999 _c55624
_d55624